Lesní bioekonomika /

Hlavní autor: Hájek, Miroslav
Korporativní autor: Česká zemědělská univerzita v Praze. Lesnická a dřevařská fakulta
Další autoři: Hájková, Kateřina, Hýsek, Štěpán, Jankovský, Martin, Kalous, Lukáš, 1974-, Löwe, Radim, Palátová, Petra, Sarvašová Kvietková, Monika, 1984-, Zeidler, Aleš, 1973-
Jazyk: Čeština
Vydáno: Praha : Česká zemědělská univerzita v Praze, 2024
Vydání: Vydání: první
Témata:
Fyzický popis: 110 stran : ilustrace (převážně barevné), mapy ; 25 cm
Knihy
Uloženo v:
LEADER 02651nam a2200637 i 4500
001 nkc20243582297
003 CZ PrNK
005 20250116085430.0
007 ta
008 240104s2024 xr ab e p 000 0 cze
015 |a cnb003582297 
020 |a 978-80-213-3295-9  |q (brožováno) 
035 |a (OCoLC)1498300995 
040 |a BOA001  |b cze  |e rda 
072 7 |a 630  |x Lesnictví  |2 Konspekt  |9 24 
072 7 |a 37.016  |x Učební osnovy. Vyučovací předměty. Učebnice  |2 Konspekt  |9 22 
080 |a 630.6/.7:502.131.1  |2 MRF 
080 |a 502.21:574.4/.5  |2 MRF 
080 |a 502.21  |2 MRF 
080 |a 630  |2 MRF 
080 |a (075.8)  |2 MRF 
100 1 |a Hájek, Miroslav  |7 xx0020363  |4 aut 
245 1 0 |a Lesní bioekonomika /  |c Miroslav Hájek, Kateřina Hájková, Štěpán Hýsek, Martin Jankovský, Lukáš Kalous, Radim Löwe, Petra Palátová, Monika Sarvašová Kvietková, Aleš Zeidler 
250 |a Vydání: první 
264 1 |a Praha :  |b Česká zemědělská univerzita v Praze,  |c 2024 
300 |a 110 stran :  |b ilustrace (převážně barevné), mapy ;  |c 25 cm 
336 |a text  |b txt  |2 rdacontent 
337 |a bez média  |b n  |2 rdamedia 
338 |a svazek  |b nc  |2 rdacarrier 
500 |a Nad názvem: Česká zemědělská univerzita v Praze, Fakulta lesnická a dřevařská 
500 |a 100 výtisků 
504 |a Obsahuje bibliografie a bibliografické odkazy 
650 0 7 |a lesnická bioekonomika  |7 ph1027871  |2 czenas 
650 0 7 |a ekosystémové služby  |7 ph628982  |2 czenas 
650 0 7 |a přírodní zdroje  |7 ph117257  |2 czenas 
650 0 7 |a lesní hospodářství  |7 ph115114  |2 czenas 
650 0 9 |a forest bio-economy  |2 eczenas 
650 0 9 |a ecosystem services  |2 eczenas 
650 0 9 |a natural resources  |2 eczenas 
650 0 9 |a forest management  |2 eczenas 
655 7 |a učebnice vysokých škol  |7 fd133772  |2 czenas 
655 9 |a textbooks (higher)  |2 eczenas 
700 1 |a Hájková, Kateřina  |7 mzk20231188527  |4 aut 
700 1 |a Hýsek, Štěpán  |7 mzk20221145094  |4 aut 
700 1 |a Jankovský, Martin  |7 mzk20251248769  |4 aut 
700 1 |a Kalous, Lukáš,  |d 1974-  |7 xx0052951  |4 aut 
700 1 |a Löwe, Radim  |7 mzk20251248760  |4 aut 
700 1 |a Palátová, Petra  |7 ola20201063405  |4 aut 
700 1 |a Sarvašová Kvietková, Monika,  |d 1984-  |7 mzk2013792525  |4 aut 
700 1 |a Zeidler, Aleš,  |d 1973-  |7 xx0056247  |4 aut 
710 2 |a Česká zemědělská univerzita v Praze.  |b Lesnická a dřevařská fakulta  |7 ko2007416980  |4 isb 
910 2 |a BOA001  |b 2-1535.805 
990 |a BK 
995 |a 01 
991 |b 202501  |c NOV 
996 6 |b 2610989628  |c 2-1535.805  |l MZK  |r Sklad / do 1 hodiny  |n 0  |p p.v.  |w 001989038  |u 000010  |a 1  |e BOA001  |j MZK50  |s P